| 000 | 00618nam a2200217Ia 4500 | ||
|---|---|---|---|
| 005 | 20221201091014.0 | ||
| 008 | 131103s9999 xx 000 0 und d | ||
| 020 | _a226505189 | ||
| 040 | _aLoreto College | ||
| 041 | _aEnglish | ||
| 082 |
_a821.91 _bELI- MAR |
||
| 100 | _aMargolis,John D. | ||
| 245 |
_aT.S. Eliot's intellectual development _b 1922 - 1939 _cJohn D.Margolis |
||
| 260 |
_aChicago _bUniversity of Chicago Press _c1972 |
||
| 300 | _axix,226 p. | ||
| 504 | _aIncludes index | ||
| 650 | _aEnglish Poetry | ||
| 651 | _aEliot,T.S. - Criticism and Interpretation | ||
| 850 | _aLCLIB | ||
| 942 | _cBK | ||
| 999 |
_c3614 _d54093 |
||